000 00603nam a2200181Ia 4500
008 090124s9999 xx 000 0 und d
082 _b29811
100 _aबेलसरे के.वि.
245 _a सार्थ मनाचे श्लोक
250 _a0
260 _bमारुतीबुवा रामदासी
300 _a212
600 _aबेलसरे के.वि.
630 _a सार्थ मनाचे श्लोक
700 _aबेलसरे के.वि.
730 _a सार्थ मनाचे श्लोक
942 _cBOOK
999 _c94753
_d94753